00473nam a2200181 a 4500001001300000003000900013005001700022008004100039020001000080082001700090100002100107245002100128260004700149500003500196505001000231650002900241700002100270nice12345678IN_TiNIC20260116015230.0050524s0200 naga grp 000 0 eng  ac10000a324.245bBAR aBarber, Benjamin aJihad Vs Mcworld aNagpurbNational Council of Churchesc0200 aincludes index and biblioraphy2 aIndex aReligious Fundamentalism1 aBarber, Benjamin